MESTSKÁ KNIŽNICA GIRALTOVCE  - online katalóg 

Zlatá klietka (Record no. 23397)

000 -NÁVESTIE
fixed length control field 01288cam a2200385 4500
001 - EVIDENČNÉ ČÍSLO ZÁZNAMU - Kontrolné číslo
control field vtls011889082
005 - DÁTUM A ČAS POSLEDNEJ TRANSAKCIE
control field 20221006124649.0
008 - ÚDAJE S PEVNOU DĹŽKOU – VŠEOBECNÉ INFORMÁCIE
fixed length control field 200316s2019 xo gr 010 f slo
020 ## - MEDZINÁRODNÉ ŠTANDARDNÉ ČÍSLO KNIHY (ISBN)
Medzinárodné štandardné číslo knihy (ISBN) 9788055642192
Qualifying information (viazané)
035 ## - Iný štandardný identifikátor
Iný štandardný identifikátor urn:nbn:sk:snk-am00djgk
035 ## - Iný štandardný identifikátor
Iný štandardný identifikátor urn:nbn:sk:snk-am3i46s
035 ## - Iný štandardný identifikátor
Iný štandardný identifikátor 479FD224-F414-4C0C-A5E5-3640CC67E034
040 ## - ZDROJ KATALOGIZÁCIE
Pôvodná katalogizujúca agentúra ZKSE
Jazyk katalogizácie slo
Prepisujúca agentúra ZKSE
Modifikujúca agentúra SNK
Konvencie popisu rda
041 1# - KÓD JAZYKA
Kód jazyka textu/zvukovej stopy alebo samostatných nápisov slo
Kód jazyka originálu a/alebo sprostredkujúcich prekladov textu swe
044 ## - KÓD KRAJINY VYDAVATEĽA/PRODUCENTA
Kód krajiny MARC xo
Kód krajiny ISO SK
072 #7 - KÓD PREDMETOVEJ KATEGÓRIE
Kód predmetovej kategórie 821.11
Pododdiel kódu predmetovej kategórie Germánske literatúry
Zdroj konspekt
080 ## - ČÍSLO MEDZINÁRODNÉHO DESATINNÉHO TRIEDENIA (MDT)
Číslo Medzinárodného desatinného triedenia (MDT) 821.113.6-31
Identifikátor vydania 2011
080 ## - ČÍSLO MEDZINÁRODNÉHO DESATINNÉHO TRIEDENIA (MDT)
Číslo Medzinárodného desatinného triedenia (MDT) (0:82-312.4)
Identifikátor vydania 2011
100 1# - OSOBNÉ MENÁ – VŠEOBECNÉ INFORMÁCIE
Osobné meno Läckberg, Camilla,
Dátumy súvisiace s menom 1974-
Kód roly aut
-- 2013
240 13 - UNIFIKOVANÝ NÁZOV
Unifikovaný názov En Bur av guld
Jazyk diela Slovensky
245 10 - NÁZOV
Názov Zlatá klietka
Údaj o zodpovednosti atď. Camilla Läckberg ; zo švédčiny preložila Mária Bratová
264 #1 - VYDAVATEĽSKÉ ÚDAJE, DISTRIBÚCIA ATĎ. - RDA
Miesto publikovania, distribúcie atď. Bratislava
Názov vydavateľa, distibútora atď. Slovart
Dátum publikovania, distribúcie atď. 2019
300 ## - FYZICKÝ POPIS
Rozsah 326 strán
Rozmery 22 cm
336 ## - TYP OBSAHU
Typ obsahu - termín text
Typ obsahu - kód txt
Zdroj rdacontent
337 ## - TYP MÉDIA
Typ média - termín bez média
Typ média - kód n
Zdroj rdamedia
338 ## - TYP NOSIČA
Typ nosiča - termín zväzok
Typ nosiča - kód nc
Zdroj rdacarrier
500 ## - VŠEOBECNÁ POZNÁMKA
Formátovaná poznámka o obsahu Na obálke: Nová séria kráľovnej švédskej krimi
655 #7 - INDEXAČNÝ TERMÍN – ŽÁNER/FORMA
Údaje o žánri/forme alebo termín, ktorý je prvok fazety švédske romány
Zdroj termínu SNKPH
-- 1715
655 #7 - INDEXAČNÝ TERMÍN – ŽÁNER/FORMA
Údaje o žánri/forme alebo termín, ktorý je prvok fazety detektívne romány
Zdroj termínu SNKPH
-- 1710
655 #7 - INDEXAČNÝ TERMÍN – ŽÁNER/FORMA
Údaje o žánri/forme alebo termín, ktorý je prvok fazety Swedish fiction
Zdroj termínu SNKPH
-- 1716
655 #7 - INDEXAČNÝ TERMÍN – ŽÁNER/FORMA
Údaje o žánri/forme alebo termín, ktorý je prvok fazety Detective novels
Zdroj termínu SNKPHeng
-- 1711
700 1# - PRIDANÝ VSTUP – OSOBNÉ MENO
Osobné meno Bratová, Mária,
Dátumy súvisiace s menom 1958-
Kód roly trl
-- 2014
958 ## - Formálny deskriptor
Formálny deskriptor LX
958 ## - Formálny deskriptor
Formálny deskriptor UP
Holdings
Stav stiahnutia (Blokovanie) (Withrawn status) Stav straty Zdroj klasifikácie pre skladovanie Stav poškodenia (Damaged status) Nie pre výpožičky (Not for loan) Spôsob nadobudnutia (Collection code) Trvalé umiestnenie Aktuálne umiestnenie Dátum nadobudnutia Náklady, bežná kúpna cena Inventárne číslo (prírastkové číslo) Celkom výpožičky Celkom prolongácie (predĺženia) Full call number Čiarový kód Dátum posledného výskytu Dátum poslednej výpôžičky Cena s účinnosťou od Typ jednotky Koha
          Kúpa Mestská knižnica Giraltovce Mestská knižnica Giraltovce 2022-10-06 9.00 21730 7 2 B10541 B10541 2025-05-06 2025-02-10 2022-10-06 Krásna literatúra pre dospelých

Powered by Koha